LEADER 01437cam0-22004811i-450- 001 990001615260403321 005 20061128153044.0 035 $a000161526 035 $aFED01000161526 035 $a(Aleph)000161526FED01 035 $a000161526 100 $a20030910d18701872km-y0itay50------ba 101 0 $ager 102 $aDE 105 $ay-------001yy 200 1 $aLehrbuch der Experimentalphysik$fAdolph Wullner 205 $a2. vielfach umgearbeitete und verbesserte Auf. 210 $aLeipzig$cG.B. Teubner$d1870-1872 215 $a4 v.$d023 cm 327 1 $a1.: Mechanik und Akustik$a2.: Die Lehre vom Licht$a3.: Die Lehre von der Warme vom Standpunkteder mechanischen Warmetheorie$a4.: Die Lehre vom Magnetismus und der Elektricitat 610 0 $aFisica 610 0 $aMeccanica 610 0 $aAcustica 610 0 $aCalore 610 0 $aOttica 610 0 $aMagnetismo 610 0 $aElettricitą 676 $a536 676 $a535 676 $a537 700 1$aWullner,$bAdolph$068820 801 0$aIT$bUNINA$gRICA$2UNIMARC 901 $aBK 912 $a990001615260403321 952 $a60 530 B 12$b3531/3533$fFAGBC 952 $a13 AR 17 B 38$b2803$fFINBC 952 $a13 AR 17 B 40$b2805$fFINBC 952 $a13 AR 17 B 39$b2804$fFINBC 952 $a13 AR 17 B 41$b2806$fFINBC 959 $aFAGBC 959 $aFINBC 996 $aLehrbuch der Experimentalphysik$9369470 997 $aUNINA LEADER 01695oam 2200469zu 450 001 9910872866303321 005 20241212215031.0 035 $a(CKB)111026746747590 035 $a(SSID)ssj0000395397 035 $a(PQKBManifestationID)12118414 035 $a(PQKBTitleCode)TC0000395397 035 $a(PQKBWorkID)10453827 035 $a(PQKB)10691601 035 $a(PPN)227976827 035 $a(EXLCZ)99111026746747590 100 $a20160829d1998 uy 101 0 $aeng 181 $ctxt 182 $cc 183 $acr 200 10$aIEEE International Joint Symposia on Intelligence and Systems : proceedings, May 21-23, 1998, Rockville, Maryland 210 31$a[Place of publication not identified]$cIEEE Computer Society Press$d1998 300 $aBibliographic Level Mode of Issuance: Monograph 311 08$a9780818685484 311 08$a0818685484 606 $aNeural networks (Computer science)$vCongresses 606 $aArtificial intelligence$vCongresses 606 $aIntelligent control systems$vCongresses 606 $aEngineering & Applied Sciences$2HILCC 606 $aComputer Science$2HILCC 615 0$aNeural networks (Computer science) 615 0$aArtificial intelligence 615 0$aIntelligent control systems 615 7$aEngineering & Applied Sciences 615 7$aComputer Science 676 $a006.3/2 712 02$aIEEE Computer Society Technical Committee on Pattern Analysis and Machine Intelligence. 801 0$bPQKB 906 $aPROCEEDING 912 $a9910872866303321 996 $aIEEE International Joint Symposia on Intelligence and Systems : proceedings, May 21-23, 1998, Rockville, Maryland$92356714 997 $aUNINA